[Event "XIII C.to Italiano U20"]
[Site "Bratto - Castione della Presolana ITA"]
[Date "2005.08.24"]
[Round "5"]
[White "Bellemo, Davide"]
[Black "Brunello, Sabino"]
[Result "0-1"]
[WhiteElo "1847"]
[BlackElo "2373"]
[PlyCount "88"]
[EventDate "2005.08.20"]

1.d4 Nf6 2.c4 e6 3.Nf3 b6 4.g3 Bb7 5.Bg2 Be7 6.O-O O-O 7.Nc3 Ne4 8.Qc2 
Nxc3 9.Qxc3 d6 10.b3 c5 11.Bb2 Bf6 12.Qd2 Nc6 13.Rad1 Qe7 14.e4 Rad8 15.d5
Nb8 16.Rfe1 Bxb2 17.Qxb2 e5 18.Nh4 g6 19.Bh3 Bc8 20.Bxc8 Rxc8 21.Qc2 Nd7 
22.Rf1 Rce8 23.Rde1 Nf6 24.a3 Nh5 25.Qd3 Ng7 26.Ng2 f5 27.f4 Qd7 28.fxe5 
Rxe5 29.exf5 Rxe1 30.Rxe1 Nxf5 31.Nf4 Nd4 32.Rf1 Qf5 33.Qxf5 Rxf5 34.b4 g5
35.Nd3 Rxf1+ 36.Kxf1 Nc2 37.bxc5 bxc5 38.Nb2 Nxa3 39.Ke2 Nc2 40.Kd3 Nd4 
41.Ke4 Kf7 42.h3 Kf6 43.Nd3 a5 44.Nb2 Ne2 0-1

[Event "XIII C.to Italiano U20"]
[Site "Bratto - Castione della Presolana ITA"]
[Date "2005.08.24"]
[Round "5"]
[White "Bevilacqua, Andrea"]
[Black "Castellano, Fabio Marco"]
[Result "1/2-1/2"]
[WhiteElo "1978"]
[BlackElo "1893"]
[PlyCount "50"]
[EventDate "2005.08.20"]

1.e4 c5 2.Nf3 d6 3.d4 cxd4 4.Nxd4 Nf6 5.Nc3 a6 6.Bg5 e6 7.f4 Nbd7 8.Qf3 h6
9.Bh4 e5 10.Bxf6 Nxf6 11.Nb3 exf4 12.Qxf4 Be7 13.Be2 Qc7 14.O-O-O b5 15.a3
Bb7 16.h4 Rc8 17.Rd2 O-O 18.Nd4 d5 19.Qxc7 Rxc7 20.exd5 Nxd5 21.Nxd5 Bxd5 
22.Nf5 Be4 23.Nxe7+ Rxe7 24.Bd3 Bxd3 25.Rxd3 Re2 1/2-1/2

[Event "XIII C.to Italiano U20"]
[Site "Bratto - Castione della Presolana ITA"]
[Date "2005.08.24"]
[Round "5"]
[White "Boscolo, Marco"]
[Black "Rostolis, Riccardo"]
[Result "1-0"]
[WhiteElo "2006"]
[BlackElo "1966"]
[PlyCount "77"]
[EventDate "2005.08.20"]

1.d4 Nf6 2.c4 g6 3.Nc3 Bg7 4.e4 d6 5.h3 O-O 6.Be3 e5 7.d5 Ne8 8.Qd2 f5 9.
f3 f4 10.Bf2 Na6 11.Nge2 Nc5 12.Nc1 Nf6 13.Bd3 Rf7 14.b4 Nxd3+ 15.Nxd3 Nh5
16.Ne2 Bf6 17.O-O-O c6 18.Kb2 cxd5 19.cxd5 a5 20.a3 axb4 21.axb4 b6 22.Ra1
Rfa7 23.Rxa7 Rxa7 24.Rc1 Bb7 25.Nc3 Ra8 26.Ra1 Ng7 27.Rxa8 Bxa8 28.b5 Qb8 
29.Na4 Bxd5 30.Nxb6 Be6 31.Nb4 Qf8 32.N6d5 Bd7 33.Nxf6+ Qxf6 34.Nd5 Qd8 
35.Qb4 Be6 36.b6 Bxd5 37.exd5 Qb8 38.b7 Ne8 39.Ba7 1-0

[Event "XIII C.to Italiano U20"]
[Site "Bratto - Castione della Presolana ITA"]
[Date "2005.08.24"]
[Round "5"]
[White "Buono, Valerio"]
[Black "Borsato, Federico"]
[Result "1/2-1/2"]
[WhiteElo "1977"]
[BlackElo "1811"]
[PlyCount "86"]
[EventDate "2005.08.20"]

1.e4 c5 2.Nf3 Nc6 3.d4 cxd4 4.Nxd4 d6 5.Nc3 e6 6.Be3 Be7 7.Be2 Nf6 8.O-O 
O-O 9.Nb3 a6 10.f4 b5 11.a3 Bb7 12.Bf3 Qc7 13.Qe2 Rad8 14.Qf2 Rc8 15.g4 
Nd7 16.h4 Na5 17.Nxa5 Qxa5 18.Bd2 Qc7 19.Be3 Qc6 20.g5 Bd8 21.Rac1 Nb6 22.
Be2 Nc4 23.Bxc4 Qxc4 24.Rfd1 Ba5 25.Bd4 Bxc3 26.bxc3 Bxe4 27.h5 Rce8 28.h6
e5 29.hxg7 Kxg7 30.fxe5 Qe6 31.exd6+ Kg8 32.Qg3 Bc6 33.Re1 Qd5 34.Kh2 Rd8 
35.Re5 Qxd6 36.Rce1 Rde8 37.Rxe8 Qxg3+ 38.Kxg3 Rxe8 39.Rf1 Be4 40.Re1 Bc6 
41.Be5 Bd5 42.Kf4 a5 43.Rd1 Be6 1/2-1/2

[Event "XIII C.to Italiano U20"]
[Site "Bratto - Castione della Presolana ITA"]
[Date "2005.08.24"]
[Round "5"]
[White "Cappai, Davide"]
[Black "Manconi, Antonio"]
[Result "1-0"]
[WhiteElo "2115"]
[BlackElo "1988"]
[PlyCount "104"]
[EventDate "2005.08.20"]

1.e4 c5 2.Nf3 Nc6 3.c4 e5 4.Nc3 g6 5.d3 Bg7 6.Nd5 d6 7.Be2 Nce7 8.Rb1 Nxd5
9.cxd5 a5 10.O-O Ne7 11.Nd2 b5 12.d4 exd4 13.Bxb5+ Bd7 14.Qa4 Bxb5 15.
Qxb5+ Qd7 16.Nc4 Nc8 17.Qxd7+ Kxd7 18.Bd2 a4 19.b3 Re8 20.f3 Re7 21.b4 d3 
22.bxc5 Bd4+ 23.Be3 Bxe3+ 24.Nxe3 dxc5 25.Nc4 f5 26.e5 a3 27.Rfd1 Ra4 28.
Rbc1 Rxc4 29.Rxc4 Rxe5 30.Rxc5 Re2 31.Rxd3 Rxa2 32.Ra5 Kd6 33.Raxa3 Rxa3 
34.Rxa3 Kxd5 35.Rd3+ Ke6 36.Kf2 Nd6 37.Ke3 Nc4+ 38.Kf4 h6 39.h4 Kf6 40.Rd8
g5+ 41.Kg3 Ne3 42.Rd6+ Kg7 43.hxg5 hxg5 44.Kf2 f4 45.g4 Kf7 46.Ke2 Ng2 47.
Kd3 Nh4 48.Ke4 Kg7 49.Ra6 Kh7 50.Ra1 Kg6 51.Ra2 Kf7 52.Rh2 Ng6 1-0

[Event "XIII C.to Italiano U20"]
[Site "Bratto - Castione della Presolana ITA"]
[Date "2005.08.24"]
[Round "5"]
[White "Chinello, Gianmarco"]
[Black "Fezzardi, Emanuele"]
[Result "0-1"]
[WhiteElo "2070"]
[BlackElo "1970"]
[PlyCount "67"]
[EventDate "2005.08.20"]

1.e4 d5 2.exd5 Nf6 3.c4 c6 4.dxc6 Nxc6 5.Nf3 e5 6.d3 e4 7.dxe4 Qxd1+ 8.
Kxd1 Nxe4 9.Be3 Bc5 10.Bxc5 Nxc5 11.Nc3 Bf5 12.Ke1 O-O-O 13.Be2 Nd3+ 14.
Kf1 Nxb2 15.g3 Bd3 16.Kg2 Nxc4 17.Rac1 Kb8 18.Ng5 Bxe2 19.Nxe2 Nd6 20.Rhd1
h6 21.Nf3 Rhe8 22.Nf4 Ne4 23.Rxd8+ Rxd8 24.Re1 Nc5 25.Nh5 Ne6 26.g4 Rd3 
27.Ng1 Ra3 28.Rd1 Rxa2 29.Rd7 Ne5 30.Re7 g6 31.Nf6 Rc2 32.Nf3 Nxf3 33.Kxf3
a5 34.Rxf7 0-1

[Event "XIII C.to Italiano U20"]
[Site "Bratto - Castione della Presolana ITA"]
[Date "2005.08.24"]
[Round "5"]
[White "Cocuzzi, Edoardo"]
[Black "Oblak, Mitja"]
[Result "1-0"]
[WhiteElo "1689"]
[BlackElo "1688"]
[PlyCount "49"]
[EventDate "2005.08.20"]

1.e4 c5 2.Nf3 d6 3.d4 cxd4 4.Nxd4 Nf6 5.Nc3 e6 6.Nf3 Qb6 7.Bd2 Nc6 8.Be3 
Qxb2 9.Nb5 Qb4+ 10.Qd2 Qxd2+ 11.Bxd2 Kd7 12.Ng5 Nd8 13.Bb4 a6 14.Nxd6 Bxd6
15.Rd1 h6 16.Rxd6+ Ke8 17.Rxd8+ Kxd8 18.Nxf7+ Kc7 19.Nxh8 Nxe4 20.Bd3 Nd6 
21.O-O Bd7 22.Ng6 Be8 23.Rd1 Nf5 24.Nf8 Bf7 25.Bxf5 1-0

[Event "XIII C.to Italiano U20"]
[Site "Bratto - Castione della Presolana ITA"]
[Date "2005.08.24"]
[Round "5"]
[White "Corsino, Gianluca"]
[Black "Parodi, Alessandro"]
[Result "1-0"]
[WhiteElo "2053"]
[BlackElo "1923"]
[PlyCount "111"]
[EventDate "2005.08.20"]

1.d4 Nf6 2.Bg5 d6 3.Bxf6 exf6 4.e4 g6 5.Bd3 Bg7 6.Ne2 Nc6 7.c3 O-O 8.O-O 
Ne7 9.Qc2 f5 10.f3 fxe4 11.fxe4 c5 12.dxc5 dxc5 13.Nd2 Be6 14.Nf4 Qd7 15.
Nxe6 Qxe6 16.Bc4 Qd7 17.Nf3 Nc6 18.Rad1 Qe7 19.Bd5 Ne5 20.Nxe5 Bxe5 21.Rf3
Kg7 22.Qb3 Rab8 23.Qa4 a6 24.Qb3 f6 25.Qb6 Rfd8 26.Rfd3 Qc7 27.Qxc7+ Bxc7 
28.Be6 b5 29.Rd7+ Kh6 30.R1d5 Re8 31.Rxc7 Rxe6 32.Rcxc5 Rxe4 33.Rd2 Rbe8 
34.Kf1 f5 35.Rc6 R8e6 36.Rxe6 Rxe6 37.Rc2 Re4 38.b3 Kg5 39.c4 bxc4 40.bxc4
Re6 41.c5 Rc6 42.Ke2 f4 43.Kd3 Kf5 44.Kd4 g5 45.h3 Ke6 46.Rb2 h5 47.Rb6 
Kd7 48.Rb7+ Rc7 49.Rxc7+ Kxc7 50.Ke4 Kc6 51.Kf5 Kxc5 52.Kxg5 Kb4 53.Kxh5 
Ka3 54.Kg4 Kxa2 55.h4 a5 56.h5 1-0

[Event "XIII C.to Italiano U20"]
[Site "Bratto - Castione della Presolana ITA"]
[Date "2005.08.24"]
[Round "5"]
[White "Covolan, Stefano"]
[Black "Zermian, Federico"]
[Result "1-0"]
[WhiteElo "1691"]
[BlackElo "1500"]
[PlyCount "69"]
[EventDate "2005.08.20"]

1.e4 e5 2.Nf3 Nc6 3.d4 exd4 4.Bc4 Nf6 5.O-O Bc5 6.e5 Nh5 7.Ng5 Nxe5 8.Re1 
f6 9.Qxh5+ g6 10.Qh4 d5 11.Nxh7 Rxh7 12.Qxh7 dxc4 13.Qxg6+ Kd7 14.Qg7+ Qe7
15.Qxe7+ Bxe7 16.Bf4 Bd6 17.Bxe5 Bxe5 18.Nd2 b6 19.Nf3 Kd6 20.Nxe5 fxe5 
21.Re2 Bf5 22.f3 d3 23.cxd3 cxd3 24.Rd2 c5 25.a3 Kc6 26.Rad1 Rd8 27.Kf2 c4
28.Ke3 Rd4 29.g4 Bh7 30.h4 Kd6 31.Rf1 Rf4 32.h5 Ke6 33.g5 Bf5 34.Rg1 a5 
35.g6 1-0

[Event "XIII C.to Italiano U20"]
[Site "Bratto - Castione della Presolana ITA"]
[Date "2005.08.24"]
[Round "5"]
[White "Cozzarin, Davide"]
[Black "Andreoni, Giuseppe"]
[Result "1/2-1/2"]
[WhiteElo "1646"]
[BlackElo "1983"]
[PlyCount "90"]
[EventDate "2005.08.20"]

1.c4 c6 2.d4 d5 3.e3 Nf6 4.Nc3 e6 5.Nf3 Nbd7 6.Bd3 dxc4 7.Bxc4 a6 8.O-O b5
9.Bd3 c5 10.dxc5 Bxc5 11.Ne4 Ba7 12.Bd2 Bb7 13.Nxf6+ Nxf6 14.Be2 Qd5 15.
Bc3 Qf5 16.Nd4 Qg6 17.Bf3 Nd5 18.Qd2 O-O 19.Rad1 Nxc3 20.Qxc3 Bxd4 21.exd4
Bxf3 22.Qxf3 Qc2 23.Qa3 Rfd8 24.Rd3 b4 25.Qb3 Qxb3 26.axb3 Rac8 27.Rfd1 
Rc2 28.R3d2 Rxd2 29.Rxd2 Rd5 30.Kf1 Kf8 31.Ke2 Ke7 32.Kd3 Kd6 33.Kc4 a5 
34.Re2 f6 35.f4 h6 36.h4 Rh5 37.g3 g5 38.hxg5 hxg5 39.g4 Rh4 40.fxg5 fxg5 
41.Re5 Rxg4 42.Rxa5 Ke7 43.Rb5 Kf6 44.Rxb4 Rg1 45.Rb8 Kf7 1/2-1/2

[Event "XIII C.to Italiano U20"]
[Site "Bratto - Castione della Presolana ITA"]
[Date "2005.08.24"]
[Round "5"]
[White "Damia, Angelo"]
[Black "Bosi, Clint"]
[Result "1-0"]
[WhiteElo "2155"]
[BlackElo "2025"]
[PlyCount "55"]
[EventDate "2005.08.20"]

1.e4 g6 2.d4 Bg7 3.Nc3 d6 4.f4 e5 5.dxe5 dxe5 6.Qxd8+ Kxd8 7.Nf3 exf4 8.
Bxf4 Bxc3+ 9.bxc3 Be6 10.O-O-O+ Kc8 11.Ng5 Ne7 12.Nxe6 fxe6 13.Bc4 b6 14.
Bxe6+ Kb7 15.Bg5 Nbc6 16.Rd7 Rhe8 17.Rf1 Ne5 18.Rxe7 Rxe7 19.Bxe7 Re8 20.
Bd5+ c6 21.Bd6 cxd5 22.Bxe5 Rxe5 23.Rf7+ Kc6 24.exd5+ Rxd5 25.Rxh7 a5 26.
h4 Kc5 27.Rc7+ Kd6 28.Rg7 1-0

[Event "XIII C.to Italiano U20"]
[Site "Bratto - Castione della Presolana ITA"]
[Date "2005.08.24"]
[Round "5"]
[White "Frilli, Guido"]
[Black "Tomba, Ivan"]
[Result "1-0"]
[WhiteElo "2120"]
[BlackElo "2232"]
[PlyCount "81"]
[EventDate "2005.08.20"]

1.e4 c5 2.c3 d5 3.exd5 Qxd5 4.d4 Nc6 5.Nf3 cxd4 6.cxd4 e5 7.Nc3 Bb4 8.Bd2 
Bxc3 9.Bxc3 e4 10.Ne5 Nxe5 11.dxe5 Ne7 12.Qa4+ Bd7 13.Qb4 a5 14.Qa3 Qe6 
15.Rd1 O-O 16.Qd6 Rfd8 17.Be2 Nc6 18.a3 Qb3 19.Qc5 b6 20.Qe3 Bf5 21.O-O 
Ne7 22.Qg5 Qe6 23.Rd6 Rxd6 24.exd6 f6 25.Qd2 Nc6 26.Rd1 Rd8 27.Bb5 Ne5 28.
Qd5 Nf7 29.d7 Qxd5 30.Rxd5 Be6 31.Rd2 Kf8 32.b4 Rb8 33.Bc6 Bf5 34.bxa5 
bxa5 35.h3 Nd8 36.Ba4 Ra8 37.Bd4 Ne6 38.Bb6 Ke7 39.Bb3 e3 40.fxe3 Rb8 41.
Bxe6 1-0

[Event "XIII C.to Italiano U20"]
[Site "Bratto - Castione della Presolana ITA"]
[Date "2005.08.24"]
[Round "5"]
[White "Gallucci, Alessio"]
[Black "Laurenti, Stefano"]
[Result "1-0"]
[WhiteElo "1656"]
[BlackElo "1937"]
[PlyCount "83"]
[EventDate "2005.08.20"]

1.e4 d6 2.d4 Nf6 3.Nc3 c6 4.f4 Qa5 5.Bd3 e5 6.Nf3 Bg4 7.Be3 Nbd7 8.O-O Be7
9.h3 Bh5 10.Ne2 Bxf3 11.Rxf3 exf4 12.Bxf4 g5 13.Bh2 g4 14.b4 Qg5 15.Bf4 
Qg7 16.Rg3 h5 17.e5 dxe5 18.dxe5 Nd5 19.Bf5 Nxe5 20.Qd4 Nxf4 21.Qxf4 Nf3+ 
22.gxf3 Qxa1+ 23.Kf2 Bh4 24.c3 Bxg3+ 25.Qxg3 Kf8 26.Qd6+ Kg8 27.Qf6 Qh1 
28.Nd4 Qh2+ 29.Kf1 Qf4 30.Bh7+ Rxh7 31.Qxf4 Re8 32.hxg4 h4 33.Kg2 Re1 34.
Qg5+ Kf8 35.Qd8+ Re8 36.Qd6+ Kg8 37.Kh3 Rg7 38.Nf5 Rh7 39.g5 Rh5 40.Nh6+ 
Kh7 41.Kg4 Re6 42.Qd3+ 1-0

[Event "XIII C.to Italiano U20"]
[Site "Bratto - Castione della Presolana ITA"]
[Date "2005.08.24"]
[Round "5"]
[White "Gatterer, Matthias"]
[Black "Bove, Alessandro"]
[Result "0-1"]
[WhiteElo "1917"]
[BlackElo "2137"]
[PlyCount "98"]
[EventDate "2005.08.20"]

1.Nf3 d6 2.d4 Nd7 3.c4 g6 4.Nc3 Bg7 5.e4 e5 6.Be2 Ne7 7.O-O O-O 8.d5 f5 9.
Ne1 Nf6 10.f3 f4 11.Nd3 g5 12.c5 Ng6 13.cxd6 cxd6 14.Nf2 h5 15.Bd2 Rf7 16.
Rc1 Nh4 17.h3 Bf8 18.Kh2 Rg7 19.Rh1 g4 20.fxg4 hxg4 21.Nxg4 Bxg4 22.Bxg4 
Nxg4+ 23.hxg4 Qb6 24.Rf1 Rh7 25.g3 Nf5+ 26.Kg2 Nxg3 27.Rg1 Be7 28.Ne2 Nxe4
29.Rf1 Qxb2 30.Qc2 Qxc2 31.Rxc2 Nf6 32.Rc7 b6 33.Nc3 Nxg4 34.Rg1 Bf8 35.
Rxh7 Kxh7 36.Ne4 Be7 37.Kf3 Nh6 38.Bb4 Nf5 39.Rh1+ Kg6 40.Rg1+ Kf7 41.Rh1 
Rg8 42.Rh7+ Rg7 43.Rh5 Kg6 44.Rh1 a5 45.Ba3 Rh7 46.Rg1+ Kf7 47.Rb1 b5 48.
Rc1 Rh2 49.Rc7 Nd4+ 0-1

[Event "XIII C.to Italiano U20"]
[Site "Bratto - Castione della Presolana ITA"]
[Date "2005.08.24"]
[Round "5"]
[White "Lapenna, Antonio"]
[Black "Valsecchi, Alessio"]
[Result "1-0"]
[WhiteElo "2056"]
[BlackElo "1945"]
[PlyCount "67"]
[EventDate "2005.08.20"]

1.e4 c5 2.Nf3 d6 3.d4 cxd4 4.Nxd4 Nf6 5.Nc3 g6 6.Be3 Nc6 7.f3 Bg7 8.Qd2 
O-O 9.O-O-O d5 10.Kb1 Nxd4 11.e5 Ne8 12.Bxd4 Nc7 13.f4 Bd7 14.Be2 e6 15.
Bc5 Bc6 16.Bxf8 Qxf8 17.Bf3 Qe8 18.g4 Bf8 19.Ne2 a5 20.h4 a4 21.h5 b5 22.
hxg6 fxg6 23.Nd4 b4 24.g5 Bb5 25.Bg4 b3 26.Qh2 h5 27.gxh6 bxa2+ 28.Ka1 Bc4
29.Qg3 Rb8 30.Bh5 Rxb2 31.Kxb2 Qb8+ 32.Ka1 Ne8 33.Qxg6+ Kh8 34.Rdg1 1-0

[Event "XIII C.to Italiano U20"]
[Site "Bratto - Castione della Presolana ITA"]
[Date "2005.08.24"]
[Round "5"]
[White "Lapiccirella, Daniele"]
[Black "Bonagura, Stefano"]
[Result "1-0"]
[WhiteElo "2120"]
[BlackElo "2018"]
[PlyCount "73"]
[EventDate "2005.08.20"]

1.d4 Nf6 2.c4 g6 3.Nc3 Bg7 4.e4 d6 5.f3 b6 6.Be3 c5 7.Nge2 Nbd7 8.Qd2 h5 
9.h4 a6 10.d5 Ne5 11.Ng3 Bb7 12.Be2 Qc7 13.O-O O-O 14.Bg5 Bc8 15.f4 Neg4 
16.f5 b5 17.Bxg4 Nxg4 18.fxg6 Bd4+ 19.Kh1 fxg6 20.Rxf8+ Kxf8 21.Bh6+ Kg8 
22.Rf1 Kh7 23.Bg5 Kg7 24.cxb5 Rb8 25.Nge2 Be5 26.Nf4 axb5 27.Ne6+ Bxe6 28.
dxe6 Nf6 29.Nd5 Qb7 30.Bxf6+ Bxf6 31.Rxf6 exf6 32.Qf4 f5 33.Qxd6 fxe4 34.
e7 Re8 35.Qf6+ Kh7 36.Qf7+ Kh6 37.Qxe8 1-0

[Event "XIII C.to Italiano U20"]
[Site "Bratto - Castione della Presolana ITA"]
[Date "2005.08.24"]
[Round "5"]
[White "Lettieri, Giuseppe"]
[Black "Amato, Andrea"]
[Result "1/2-1/2"]
[WhiteElo "2251"]
[BlackElo "2286"]
[PlyCount "140"]
[EventDate "2005.08.20"]

1.e4 e5 2.Nf3 d6 3.d4 exd4 4.Qxd4 Nf6 5.Bg5 Be7 6.Nc3 O-O 7.O-O-O Nc6 8.
Qd2 a6 9.h3 Ne5 10.Nd4 h6 11.Be3 c5 12.Nf5 Bxf5 13.exf5 b5 14.Nd5 Nxd5 15.
Qxd5 Qa5 16.f4 Nd7 17.Kb1 Nb6 18.Qd2 b4 19.g4 Na4 20.Bc4 Nxb2 21.Bb3 Nxd1 
22.Qxd1 Rac8 23.Qd5 Qc7 24.Bc4 Qc6 25.g5 Qxd5 26.Bxd5 Kh8 27.Re1 Bd8 28.
Bc1 Rc7 29.Rg1 hxg5 30.fxg5 Re8 31.Bb2 c4 32.Bd4 c3 33.a3 Re2 34.Bb6 Rc8 
35.Bxd8 Rxd8 36.Bxf7 Re4 37.g6 bxa3 38.Ka2 d5 39.Kxa3 Rf4 40.Rg5 Rh4 41.
Rg3 d4 42.Be6 Rb8 43.f6 Rh5 44.Ka4 d3 45.Rxd3 gxf6 46.Rd7 Rg8 47.Bxg8 Kxg8
48.Rf7 f5 49.Kb3 Rxh3 50.Rxf5 Kg7 51.Ra5 Kxg6 52.Rxa6+ Kf5 53.Rc6 Ke4 54.
Rxc3 Rh8 55.Rd3 Rb8+ 56.Kc3 Rc8+ 57.Kd2 Rc4 58.Rh3 Kd5 59.Rh5+ Kc6 60.Kd3 
Rg4 61.c4 Rg6 62.Kd4 Rg4+ 63.Kc3 Rg6 64.Kb4 Kb6 65.Rh8 Rf6 66.Ra8 Rf4 67.
Rd8 Rf6 68.c5+ Kc6 69.Rd6+ Rxd6 70.cxd6 Kxd6 1/2-1/2

[Event "XIII C.to Italiano U20"]
[Site "Bratto - Castione della Presolana ITA"]
[Date "2005.08.24"]
[Round "5"]
[White "Massironi, Marco"]
[Black "Lain, Luigi"]
[Result "1/2-1/2"]
[WhiteElo "2122"]
[BlackElo "2254"]
[PlyCount "146"]
[EventDate "2005.08.20"]

1.e4 e5 2.Nf3 Nc6 3.Bb5 a6 4.Ba4 Nf6 5.O-O b5 6.Bb3 Be7 7.Re1 d6 8.c3 Bg4 
9.d3 Na5 10.Bc2 c5 11.Nbd2 O-O 12.h3 Bh5 13.Nf1 Ne8 14.Ng3 Bxf3 15.Qxf3 
Bg5 16.Bxg5 Qxg5 17.Rad1 Nc7 18.Nf5 g6 19.Qe3 Qf6 20.Nh6+ Kh8 21.b4 Nb7 
22.bxc5 dxc5 23.Ng4 Qg7 24.d4 exd4 25.cxd4 cxd4 26.Rxd4 Ne6 27.Rd5 Rac8 
28.Bb1 Qc3 29.Rd3 Qc5 30.Qh6 Qg5 31.Qxg5 Nxg5 32.Rd5 Ne6 33.Red1 Kg7 34.
Ne3 Nf4 35.R5d2 Rc7 36.Bc2 Nc5 37.Nd5 Nxd5 38.exd5 Nb7 39.d6 Nxd6 40.Rxd6 
Rxc2 41.Rxa6 Re8 42.Ra3 Ree2 43.Rf3 f5 44.Rb1 Rb2 45.Rxb2 Rxb2 46.a3 Kf6 
47.g4 Ke5 48.gxf5 gxf5 49.Kg2 f4 50.Rc3 Kd4 51.Rf3 Ke4 52.Rc3 Rb1 53.h4 
Rb2 54.Rf3 Kf5 55.Rd3 Kg4 56.Rd4 Ra2 57.Rb4 h5 58.Rxb5 f3+ 59.Kg1 Kh3 60.
Rb1 Rxa3 61.Kh1 Ra2 62.Rf1 Kxh4 63.Kh2 Rb2 64.Kh1 Kg4 65.Kh2 Ra2 66.Rg1+ 
Kf4 67.Rf1 Ra5 68.Rb1 Ra4 69.Rb8 Rc4 70.Rf8+ Kg4 71.Rg8+ Kh4 72.Rf8 Rc3 
73.Rf4+ Kg5 1/2-1/2

[Event "XIII C.to Italiano U20"]
[Site "Bratto - Castione della Presolana ITA"]
[Date "2005.08.24"]
[Round "5"]
[White "Mora, Lorenzo"]
[Black "Nizzardo, Mattia"]
[Result "1-0"]
[WhiteElo "1820"]
[BlackElo "1718"]
[PlyCount "95"]
[EventDate "2005.08.20"]

1.Nf3 d5 2.g3 Nf6 3.Bg2 Bf5 4.O-O Nc6 5.d3 e6 6.Nbd2 Be7 7.Nh4 Bg4 8.Nhf3 
O-O 9.c3 Re8 10.Qc2 Bc5 11.b4 Bb6 12.a3 a6 13.e4 Qe7 14.Bb2 Rad8 15.c4 h6 
16.Rfe1 dxe4 17.dxe4 Rd7 18.c5 Ba7 19.Nc4 Bxf3 20.Bxf3 e5 21.Rad1 Red8 22.
Rxd7 Rxd7 23.Rd1 Rxd1+ 24.Qxd1 b6 25.Qa4 Qd7 26.Qxa6 bxc5 27.b5 Nd4 28.
Nxe5 Nxf3+ 29.Nxf3 Qd1+ 30.Kg2 Bb6 31.a4 c4 32.a5 Bxf2 33.Qc8+ Kh7 34.Qf5+
Kg8 35.Bxf6 gxf6 36.Kxf2 c3 37.a6 c2 38.a7 c1=Q 39.a8=Q+ Kg7 40.Qg4+ Qg5 
41.Nxg5 Qxg4 42.Nf3 f5 43.exf5 Qxf5 44.Qc6 h5 45.Qxc7 Kg6 46.b6 h4 47.b7 
hxg3+ 48.hxg3 1-0

[Event "XIII C.to Italiano U20"]
[Site "Bratto - Castione della Presolana ITA"]
[Date "2005.08.24"]
[Round "5"]
[White "Napoli, Nicolo'"]
[Black "Fortino, Fabrizio"]
[Result "1-0"]
[WhiteElo "2225"]
[BlackElo "1965"]
[PlyCount "117"]
[EventDate "2005.08.20"]

1.e4 c5 2.Nf3 Nc6 3.c3 Nf6 4.e5 Nd5 5.d4 cxd4 6.cxd4 e6 7.Bc4 d6 8.O-O Be7
9.Qe2 O-O 10.Rd1 Nb6 11.Bb3 d5 12.Nc3 f5 13.exf6 Bxf6 14.Ne5 Bg5 15.Nxc6 
bxc6 16.Na4 Bxc1 17.Raxc1 Qe8 18.Nc5 Rf6 19.Re1 Rb8 20.Rc3 Bd7 21.Re3 Kf7 
22.Qa6 Nc8 23.Qd3 Kg8 24.Qe2 Nd6 25.Nxd7 Qxd7 26.Rxe6 Rxe6 27.Qxe6+ Qxe6 
28.Rxe6 Nf5 29.Rxc6 Nxd4 30.Bxd5+ Kf8 31.Rc7 Rxb2 32.h3 Rb5 33.Bc4 Rb4 34.
Bd3 Ra4 35.Rc4 Rxc4 36.Bxc4 Ke7 37.f3 g5 38.Kf2 Kd6 39.Bd3 h6 40.Ke3 Ke5 
41.g3 Ne6 42.Bc4 Nc5 43.f4+ gxf4+ 44.gxf4+ Kf5 45.Bb5 h5 46.Kf3 h4 47.Bc4 
a5 48.Bb3 a4 49.Bc2+ Kf6 50.Kg4 a3 51.Kxh4 Ne6 52.Kg4 Nd4 53.Bd1 Nf5 54.
Bb3 Nd4 55.Bc4 Nc2 56.Kf3 Ne1+ 57.Ke4 Ng2 58.Bd3 Nh4 59.Bb1 1-0

[Event "XIII C.to Italiano U20"]
[Site "Bratto - Castione della Presolana ITA"]
[Date "2005.08.24"]
[Round "5"]
[White "Navarro, Stefano"]
[Black "De Nardi, Riccardo"]
[Result "1-0"]
[WhiteElo "2209"]
[BlackElo "1717"]
[PlyCount "83"]
[EventDate "2005.08.20"]

1.e4 c5 2.Nf3 d6 3.d4 cxd4 4.Nxd4 Nf6 5.Nc3 g6 6.f4 Bg7 7.e5 Nh5 8.Bb5+ 
Bd7 9.Qe2 Bxb5 10.Qxb5+ Qd7 11.Qxd7+ Nxd7 12.Ndb5 dxe5 13.Nc7+ Kd8 14.Nxa8
exf4 15.O-O Be5 16.Bd2 Kc8 17.Nd5 Kb8 18.Nxf4 Nxf4 19.Bxf4 Kxa8 20.Rad1 
Bxf4 21.Rxf4 Ne5 22.Rd5 f6 23.b4 Kb8 24.Rfd4 Kc7 25.Rc5+ Kb8 26.b5 Re8 27.
a4 b6 28.Rc3 Kb7 29.Kf2 f5 30.h3 Rc8 31.Rxc8 Kxc8 32.Ke3 Nd7 33.Rh4 Nf6 
34.Kf4 Kd7 35.Ke5 Ke8 36.Ke6 Ne4 37.Ke5 h5 38.Rf4 Kf7 39.Rf1 Nc5 40.a5 
bxa5 41.Kd5 Ne4 42.Ra1 1-0

[Event "XIII C.to Italiano U20"]
[Site "Bratto - Castione della Presolana ITA"]
[Date "2005.08.24"]
[Round "5"]
[White "Navarro, Tommaso"]
[Black "Reginato, Mauro"]
[Result "1-0"]
[WhiteElo "1805"]
[BlackElo "1679"]
[PlyCount "77"]
[EventDate "2005.08.20"]

1.e4 e5 2.Nf3 Nc6 3.d4 exd4 4.Bc4 Bc5 5.c3 Nf6 6.O-O d6 7.cxd4 Bb6 8.Re1 
O-O 9.Nc3 Bg4 10.Be3 Rb8 11.d5 Bxf3 12.gxf3 Ne5 13.Bxb6 axb6 14.Be2 Nh5 
15.Kh1 Qh4 16.Rg1 f5 17.Rc1 Rf6 18.exf5 Rh6 19.Rg2 Nf4 20.Qg1 Nxg2 21.Qxg2
Qh3 22.Qxh3 Rxh3 23.Kg2 Rh6 24.f4 Nd7 25.b4 c5 26.dxc6 bxc6 27.Ne4 d5 28.
Ng5 Rf6 29.Kg3 Rc8 30.Ba6 Ra8 31.Bb7 Rxa2 32.Bxc6 Ra3+ 33.f3 Nf8 34.Bxd5+ 
Kh8 35.Rc8 Ra7 36.Be6 g6 37.Ne4 Rxe6 38.fxe6 Kg7 39.Re8 1-0

[Event "XIII C.to Italiano U20"]
[Site "Bratto - Castione della Presolana ITA"]
[Date "2005.08.24"]
[Round "5"]
[White "Perico', Alessandro"]
[Black "Ghedin, Emanuele"]
[Result "1/2-1/2"]
[WhiteElo "1736"]
[BlackElo "1572"]
[PlyCount "141"]
[EventDate "2005.08.20"]

1.d4 Nf6 2.c4 e6 3.Nc3 Bb4 4.a3 Bxc3+ 5.bxc3 c5 6.Nf3 O-O 7.e3 Nc6 8.Bd3 
d6 9.O-O e5 10.Qc2 Qe7 11.e4 h6 12.h3 b6 13.Re1 Ba6 14.Qa4 Na5 15.d5 Qd7 
16.Qxd7 Nxd7 17.Nd2 Nf6 18.Re3 Nh5 19.g3 Bc8 20.Kh2 g6 21.Be2 Ng7 22.f4 
Re8 23.fxe5 Rxe5 24.Nf3 Rh5 25.h4 Bg4 26.Kg2 Re8 27.Bd3 Nb3 28.Rb1 Nxc1 
29.Rxc1 Bxf3+ 30.Kxf3 Rhe5 31.Rce1 Kh7 32.g4 R8e7 33.R3e2 Ne8 34.Rg1 Ng7 
35.g5 h5 36.Rf1 Ne8 37.Kg2 Kg7 38.Ref2 Rd7 39.a4 Nc7 40.Bc2 Re8 41.a5 Rb8 
42.Rb1 Rdd8 43.Ra1 b5 44.Raf1 Rf8 45.Bd3 b4 46.cxb4 Rxb4 47.Re1 f6 48.
gxf6+ Rxf6 49.e5 Rxf2+ 50.Kxf2 Rb2+ 51.Kg1 dxe5 52.Rxe5 Kf6 53.d6 Ne6 54.
Rd5 Rb8 55.Bf1 Rd8 56.Kf2 Nf4 57.Rd1 Ke6 58.Kf3 Kf5 59.Bd3+ Nxd3 60.Rxd3 
Ke6 61.Kf4 Rxd6 62.Rxd6+ Kxd6 63.Kg5 Ke5 64.Kxg6 Kd4 65.Kxh5 Kxc4 66.Kg4 
Kb5 67.h5 c4 68.h6 c3 69.h7 c2 70.h8=Q c1=Q 71.Qb8+ 1/2-1/2

[Event "XIII C.to Italiano U20"]
[Site "Bratto - Castione della Presolana ITA"]
[Date "2005.08.24"]
[Round "5"]
[White "Piccirillo, Edoardo"]
[Black "Fratino, Lorenzo"]
[Result "0-1"]
[WhiteElo "1653"]
[BlackElo "1905"]
[PlyCount "132"]
[EventDate "2005.08.20"]

1.d4 d5 2.c4 c6 3.Nc3 Nf6 4.Nf3 a6 5.c5 Nbd7 6.Bf4 g6 7.Qd2 Bg7 8.Bh6 O-O 
9.Bxg7 Kxg7 10.h4 Qc7 11.h5 gxh5 12.g4 Nxg4 13.Rxh5 Ndf6 14.Qg5+ Kh8 15.
Rh1 Rg8 16.Qh4 Bf5 17.Ng5 Rg7 18.f3 Ne3 19.Kf2 Nfg4+ 20.fxg4 Qf4+ 21.Nf3 
Rxg4 22.Qxe7 Nc2 23.Qe5+ Qxe5 24.Nxe5 Nxa1 25.Nxg4 Bxg4 26.Bh3 Bxh3 27.
Rxh3 Nc2 28.Rd3 Nb4 29.Rf3 Kg7 30.a3 Nc2 31.Rd3 a5 32.Na4 Re8 33.e3 Re4 
34.Rc3 Nxd4 35.exd4 Rxd4 36.b3 h5 37.Rg3+ Kh6 38.Nb6 f5 39.Nd7 f4 40.Rg2 
Rd3 41.Nf6 Rd2+ 42.Kf1 Rxg2 43.Kxg2 Kg5 44.Nh7+ Kg4 45.Nf6+ Kf5 46.Nxh5 
Ke4 47.Kf2 d4 48.Ke2 f3+ 49.Kd2 Kd5 50.Nf4+ Kxc5 51.Nd3+ Kd5 52.Ke1 c5 53.
Kd2 c4 54.bxc4+ Kxc4 55.Ne5+ Kb3 56.Nxf3 Kxa3 57.Nxd4 Kb2 58.Kd3 a4 59.Nb5
a3 60.Nc3 b5 61.Kd2 a2 62.Nxa2 Kxa2 63.Kc3 Ka3 64.Kc2 b4 65.Kb1 Kb3 66.Ka1
Kc2 0-1

[Event "XIII C.to Italiano U20"]
[Site "Bratto - Castione della Presolana ITA"]
[Date "2005.08.24"]
[Round "5"]
[White "Pomaro, Alberto"]
[Black "Ravagnati, Marco"]
[Result "1-0"]
[WhiteElo "1943"]
[BlackElo "1658"]
[PlyCount "49"]
[EventDate "2005.08.20"]

1.Nf3 d6 2.g3 e5 3.d3 Nf6 4.Bg2 Nc6 5.c4 Be7 6.O-O O-O 7.Nc3 Be6 8.Rb1 a5 
9.Ng5 d5 10.Nxe6 fxe6 11.cxd5 exd5 12.Qb3 Nd4 13.Qd1 c6 14.e3 Nf5 15.e4 
dxe4 16.Qb3+ Kh8 17.dxe4 Nd6 18.f4 a4 19.Qd1 Nd7 20.Nxa4 b5 21.Nc3 b4 22.
Na4 Nb5 23.Be3 exf4 24.gxf4 Qa5 25.Qxd7 1-0